Entry Nombre personal
001 - NÚMERO DE CONTROL
- campo de control: 22156
003 - IDENTIFICADOR DE NÚMERO DE CONTROL
- campo de control: SpMaBN
005 - FECHA Y HORA DE LA ÚLTIMA TRANSACCIÓN
- campo de control: 20231030194737.0
008 - ELEMENTOS DE DATO DE LONGITUD-FIJA
- campo de control de longitud fija: 901120n| aijnnaabn a aaa
016 ## - NÚMERO DE CONTROL DE UNA AGENCIA BIBLIOGRÁFICA NACIONAL
- Número de control del registro: BNE19900034827
024 7# - IDENTIFICADOR DE OTROS ESTÁNDARES
- Número estándar o código: http://www.wikidata.org/entity/Q93253606
- Fuente: wikidata
024 7# - IDENTIFICADOR DE OTROS ESTÁNDARES
- Número estándar o código: http://viaf.org/viaf/28315809/
- Fuente: viaf
024 7# - IDENTIFICADOR DE OTROS ESTÁNDARES
- Número estándar o código: https://isni.org/isni/0000000110233113
- Fuente: isni
040 ## - FUENTE DE CATALOGACIÓN
- Centro catalogador/agencia de origen: SpMaBN
- Lengua de catalogación: spa
- Centro/agencia transcriptor: SpMaBN
- Normas de descripción: rdc
- Convención/Normas de encabezamiento de materia/tesauro: embne
046 ## - FECHAS CON CODIFICACIÓN ESPECIAL
- Fecha de nacimiento: 1928
100 1# - ENCABEZAMIENTO-NOMBRE DE PERSONA
- Nombre de persona: Aradillas, Antonio,
- Fechas asociadas al nombre: 1928-
375 ## - GÉNERO/SEXO
- Género: Masculino
400 1# - TRAZADO DE VÉASE--NOMBRE DE PERSONA
- Nombre de persona: Aradillas Agudo, Antonio,
- Fechas asociadas al nombre: 1928-
670 ## - FUENTE DE DATOS ENCONTRADOS
- Cita de la fuente: La iglesia, último bastión del machismo, 1994
- Información encontrada: port. (Antonio Aradillas)
670 ## - FUENTE DE DATOS ENCONTRADOS
- Cita de la fuente: Madrid en metro, 2002
- Información encontrada: v. port. (Antonio Aradillas)
670 ## - FUENTE DE DATOS ENCONTRADOS
- Cita de la fuente: Llamada telefónica al autor, 20-2-2003
- Información encontrada: (Antonio Aradillas Agudo; n. 27-01-1928; periodista, sacerdote, escribe también guías turísticas con José Mª Íñigo; en ISBN aparece Aradillas Antúnez es un error)
